• 首页
  • 本馆介绍
  • 公告通知
  • 最新文献
  • 馆藏检索
  • 电子资源
  • 读者导购
  • 参考咨询
  • 我的图书馆
  • 登录
  • 详细信息显示
  • 放入我的书架
  • 预约/预借图书
  • 作者相关作品
  • 分类相关作品
  • 丛书相关作品
  • 出版社相关作品

书目信息

  • 表格格式
  • 工作单格式
  • 卡片格式
题名:
热学
    
 
作者: 李平 著
分册:  
出版信息: 北京   北京师范大学出版社  
页数: 359
开本: 16
丛书名:
单 册:
中图分类: O37
科图分类:
主题词: 流变学
电子资源:
ISBN: 978-7-303-00114-9
000 00489nam0 2200181 450
001 202410181533868976
005 20241018140343.76
010    @a978-7-303-00114-9@d2.55
100    @a20241018d km y0chiy0120 ea
101 0  @achi
200 1  @a热学@ARe Xue@f李平著@FLi Ping Zhu
210    @a北京@c北京师范大学出版社
215    @a359@d16
606 0  @a流变学
690    @aO37@v4
701  0 @a李平@ALi Ping@4著
801  0 @aCN@b大连网信软件有限公司图书馆·11@c20241018
905    @aZUCC@dO37@e20@f1
    
    热学/李平著.-北京:北京师范大学出版社
    359;16
    
    
    ISBN 978-7-303-00114-9:2.55
    
●
相关链接 在E读中查询图书 在五车中查询图书 在当当中查询图书 在豆瓣中查询图书


正题名:热学     索取号:O37/20         预约/预借

序号 登录号 条形码 馆藏地/架位号 状态 备注
唐山师范学院图书馆 欢迎您!
大连网信软件有限公司© 版权所有